Estructura de organización: información, comunicaciones y decisiones

Sparad:
Bibliografiska uppgifter
Huvudupphovsman: Johansen Bertoglio, Oscar (Författare, medförfattare)
Materialtyp: Bok
Språk:spanska
Publicerad: Santiago Universidad de Chile. Facultad de Ciencias Económicas y Administrativas 1975
Ämnen:
Taggar: Lägg till en tagg
Inga taggar, Lägg till första taggen!

MARC

LEADER 00000nam a2200000 a 4500
001 UCR9767
003 CL-VaPUC
008 980619e19750000CL |||||||||||||||||spa|d
082 0 4 |a 658.402  |b JOH  |2 21 
100 |a Johansen Bertoglio, Oscar  |e author  |9 590862 
245 1 0 |a Estructura de organización: información, comunicaciones y decisiones 
300 |a 27 p 
942 |c BK 
945 |d 19980619 00:00:00  |a cmena 
260 |a Santiago  |b Universidad de Chile. Facultad de Ciencias Económicas y Administrativas  |c 1975 
650 0 |a Administración de empresas   |9 260833 
650 0 |a Estructura organizacional   |9 390800 
650 0 |a Comunicación   |9 257251 
650 0 |a Medios de comunicación  |9 257206 
650 0 |a Recursos humanos   |9 228420 
650 0 |a Toma de decisiones   |9 257530 
650 0 |a Análisis de la información  |9 306986 
583 |a last modification  |c 19980619 00:00:00  |k Rodrigo Vera 
999 |c 270943  |d 270941 
952 |0 0  |1 0  |4 0  |6 658_402000000000000_JOH_1975  |7 0  |8 A  |9 305408  |a BIBGIM  |b BIBGIM  |d 2019-11-20  |i 1420291  |l 1  |o 658.402 JOH 1975  |p 1420291  |r 2025-01-15  |s 2024-09-16  |w 2019-11-20  |y BK  |k COM